[Event "Champagne Ardenne op 5th"]
[Site "Champagne Ardenne"]
[Date "2009.05.03"]
[Round "6"]
[White "Gilles, Sebastien"]
[Black "Gilles, Ludwig"]
[Result "0-1"]
[WhiteElo "1499"]
[BlackElo "1160"]
[PlyCount "140"]
[EventDate "2009.05.01"]
[EventType "swiss"]
[EventRounds "7"]
[EventCountry "FRA"]
[SourceTitle "EXT 2010"]
[Source "ChessBase"]
[SourceDate "2010.11.25"]
[SourceVersion "1"]
[SourceVersionDate "2010.11.25"]
[SourceQuality "1"]

1. Nf3 d5 2. g3 Nc6 3. Bg2 Bg4 4. 0-0 Bxf3 5. Bxf3 Nf6 6. b3 g6 7. d3 Bg7 8. Na3 a5 9. Nb5 Nh5 10. Rb1 Nd4 11. Nxd4 Bxd4 12. e3 Bc3 13. g4 Nf6 14. h3 h5 15. g5 Nd7 16. h4 c6 17. Bd2 Bxd2 18. Qxd2 e5 19. c4 e4 20. dxe4 f5 21. Qd4 Rf8 22. e5 Qe7 23. Rfc1 Nxe5 24. Bg2 Nd7 25. f4 Qe6 26. Re1 c5 27. cxd5 Qe7 28. Qa4 Kd8 29. a3 Nb6 30. Qb5 Nxd5 31. Qe2 Nc3 32. Qd3+ Qd7 33. Qxc3 b5 34. Kh2 b4 35. Qe5 Re8 36. Red1 Rxe5 37. Rxd7+ Kxd7 38. a4 Rxe3 39. Rc1 Kd6 40. Kg1 Rc8 41. Kf2 Ree8 42. Bb7 Rc7 43. Bf3 Rce7 44. Kg3 Re3 45. Rf1 Rxb3 46. Rd1+ Kc7 47. Kf2 c4 48. Be2 c3 49. Ke1 c2 50. Rc1 Rc3 51. Kd2 Rd8+ 52. Ke1 b3 53. Bd1 b2 54. Rxc2 b1Q 55. Rxc3+ Kd7 56. Kd2 Qb2+ 57. Rc2 Ke8+ 58. Ke3 Qb6+ 59. Kf3 Rxd1 60. Re2+ Kd8 61. Re3 Rf1+ 62. Ke2 Rb1 63. Rd3+ Kc8 64. Kd2 Qf2+ 65. Kc3 Rc1+ 66. Kb3 Qb6+ 67. Ka2 Qb1+ 68. Ka3 Qxd3+ 69. Kb2 Rc2+ 70. Kb1 Qd1# 0-1